| 000 | 00396nam a2200133Ia 4500 | ||
|---|---|---|---|
| 008 | 220217s9999||||xx |||||||||||||| ||und|| | ||
| 020 | _a81-265-0362-9 | ||
| 082 | _a004.6 SCH | ||
| 100 |
_aSchweitzer, Douglas _93535 |
||
| 245 | 0 | _aSecuring the network from malicious code: a complete guide t | |
| 260 |
_aWilley publishing _bNew Delhi _c2003 |
||
| 300 | _b299 | ||
| 650 | _aCOMPUTER NETWORK | ||
| 999 |
_c172140 _d172140 |
||